[Event "Rated Blitz game"]
[Site "?"]
[Date "2021.07.26"]
[Round "?"]
[White "CACHS"]
[Black "KamranShirazi"]
[Result "0-1"]
[WhiteElo "2498"]
[BlackElo "2524"]
[PlyCount "130"]
[EventDate "2021.??.??"]
[EventType "blitz"]

1. e4 e5 2. Nf3 d5 3. Nxe5 Bd6 4. d4 dxe4 5. Be2 Bxe5 6. dxe5 Qxd1+ 7. Bxd1 Nc6
8. Nc3 Bf5 9. Bf4 O-O-O 10. g4 Bg6 11. h4 h5 12. gxh5 Bxh5 13. Nxe4 Rxd1+ 14.
Rxd1 Bf3 15. Rg1 Bxe4 16. Rxg7 Bxc2 17. Rd2 Bb1 18. Rxf7 Nge7 19. Bg5 Ng6 20.
Bf6 Re8 21. h5 Ngxe5 22. Re2 Nd4 23. Rxe5 Nf3+ 24. Kf1 Nxe5 25. Rg7 Bd3+ 26.
Kg2 Be4+ 27. Kg3 Nd7 28. Bd4 c5 29. Bc3 Nb6 30. h6 Nd5 31. h7 Bxh7 32. Rxh7
Rg8+ 33. Kf3 Rf8+ 34. Ke4 Nxc3+ 35. bxc3 Rxf2 36. Kd5 b6 37. Kc6 Rf6+ 38. Kb5
Kb8 39. Ka6 b5+ 40. Kxb5 Rb6+ 41. Kxc5 Ra6 42. c4 Rxa2 43. Kd6 Ra6+ 44. Kd5 Rg6
45. c5 a5 46. c6 a4 47. Kc5 Rg2 48. Kb6 Rb2+ 49. Kc5 a3 50. Rh8+ Ka7 51. Rh7+
Ka6 52. Rh8 Ka7 53. Rh7+ Ka8 54. Rh8+ Rb8 55. Rh3 Rb2 56. Rxa3+ Kb8 57. Ra5
Rc2+ 58. Kb6 Rc3 59. Rb5 Kc8 60. Ka6 Ra3+ 61. Kb6 Rd3 62. Rc5 Rd6 63. Kb5 Kc7
64. Kc4 Rf6 65. Kd5 Rf4 {Time forfeit} 0-1

[Event "Rated Blitz tournament XRHGsYFL"]
[Site "?"]
[Date "2021.07.26"]
[Round "?"]
[White "muhammadrizkyakhbar"]
[Black "om_gendut"]
[Result "0-1"]
[WhiteElo "2300"]
[BlackElo "2430"]
[PlyCount "44"]
[EventDate "2021.??.??"]
[EventType "blitz"]

1. e4 e5 2. Nf3 d5 3. d4 dxe4 4. Nxe5 Bd6 5. Nc4 Be7 6. Be3 Nf6 7. Nc3 O-O 8.
Be2 Bf5 9. O-O Nbd7 10. Ne5 Bd6 11. Nxd7 Qxd7 12. f3 Rfe8 13. fxe4 Nxe4 14.
Nxe4 Bxe4 15. Qd2 Qc6 16. Bd3 Bxg2 17. Rf2 Be4 18. Raf1 f6 19. c4 Bxd3 20. Qxd3
Qe4 21. Qb3 Qxe3 22. Qxb7 Qxd4 {Normal} 0-1

[Event "Rated Blitz game"]
[Site "?"]
[Date "2021.07.26"]
[Round "?"]
[White "jaci3"]
[Black "KinzyabulatovRenat"]
[Result "1-0"]
[WhiteElo "2424"]
[BlackElo "2410"]
[PlyCount "81"]
[EventDate "2021.??.??"]
[EventType "blitz"]

1. e4 e5 2. Nf3 d5 3. Nc3 d4 4. Ne2 Nc6 5. d3 Bg4 6. Ng3 Bb4+ 7. Bd2 Bxd2+ 8.
Qxd2 Nge7 9. Be2 O-O 10. O-O Bxf3 11. Bxf3 Ng6 12. Bh5 Nf4 13. Bg4 g6 14. Ne2
Nxe2+ 15. Bxe2 f5 16. exf5 gxf5 17. Rfe1 Kh8 18. Bf3 Qd6 19. Bxc6 bxc6 20. Re2
Rg8 21. Rae1 Rae8 22. g3 f4 23. Re4 Re6 24. Qe2 Rge8 25. Qh5 Rh6 26. Qg5 Rg6
27. Qf5 Rf6 28. Qh5 Ref8 29. g4 Re6 30. Rxe5 Rxe5 31. Qxe5+ Kg8 32. Qxd6 cxd6
33. Re7 Rf7 34. Rxf7 Kxf7 35. Kg2 Kf6 36. h4 h6 37. c3 dxc3 38. bxc3 d5 39. d4
h5 40. gxh5 Kf5 41. Kf3 {Normal} 1-0

[Event "Rated Blitz game"]
[Site "?"]
[Date "2021.07.26"]
[Round "?"]
[White "Mr_Human"]
[Black "annaly1979"]
[Result "1/2-1/2"]
[WhiteElo "2260"]
[BlackElo "2401"]
[PlyCount "159"]
[EventDate "2021.??.??"]
[EventType "blitz"]

1. e4 e5 2. Nf3 d5 3. d3 dxe4 4. dxe4 Qxd1+ 5. Kxd1 Bg4 6. h3 Bh5 7. c3 Bc5 8.
Ke1 Nc6 9. Nbd2 Nge7 10. Nc4 f6 11. Be3 Bb6 12. Bxb6 axb6 13. Ne3 Bg6 14. Nd2
O-O-O 15. f3 f5 16. exf5 Nxf5 17. Nxf5 Bxf5 18. Ne4 Bxe4 19. fxe4 Rhf8 20. Be2
Rf4 21. Bf3 Na5 22. b3 Rd3 23. Rc1 Rf8 24. Ke2 Rfd8 25. Rhd1 Rxd1 26. Rxd1 Rxd1
27. Kxd1 Kd7 28. Kd2 Nc6 29. Ke3 Kd6 30. Be2 Kc5 31. h4 Ne7 32. h5 g6 33. g4
Kd6 34. a4 c5 35. Bb5 gxh5 36. gxh5 Ng8 37. Be2 h6 38. Kd3 Nf6 39. Bf3 Nd7 40.
Kc4 Kc6 41. b4 cxb4 42. cxb4 Nf6 43. Kc3 Ne8 44. Kd3 Nd6 45. Kc3 b5 46. a5 Nc4
47. Be2 Nd6 48. Kd3 Nf7 49. Ke3 Ng5 50. Bd3 Ne6 51. Kf3 Nf4 52. Bf1 Nxh5 53.
Kg4 Nf6+ 54. Kf5 Nh5 55. Kxe5 Ng3 56. Bg2 h5 57. Kf6 h4 58. e5+ Kd7 59. e6+ Ke8
60. Kg5 Ke7 61. Bh3 Ne4+ 62. Kxh4 Nf6 63. Bf5 Nd5 64. Be4 Nxb4 65. Bxb7 Kxe6
66. a6 Nxa6 67. Bxa6 b4 68. Bc4+ Ke5 69. Kg4 Kd4 70. Be6 Kc3 71. Kf4 Kd4 72.
Kf3 Kd3 73. Kf2 Kd2 74. Kf3 Kd3 75. Kf2 Kd4 76. Ke1 Kc3 77. Kd1 Kb2 78. Kd2 b3
79. Bf7 Ka1 80. Bxb3 {Normal} 1/2-1/2

[Event "Rated Blitz game"]
[Site "?"]
[Date "2021.07.26"]
[Round "?"]
[White "vladvg1972"]
[Black "kondratev2008"]
[Result "0-1"]
[WhiteElo "2481"]
[BlackElo "2233"]
[PlyCount "70"]
[EventDate "2021.??.??"]
[EventType "blitz"]

1. e4 e5 2. Nf3 d5 3. Nxe5 Bd6 4. d4 dxe4 5. Nc4 Nf6 6. Nxd6+ Qxd6 7. c4 O-O 8.
Nc3 Bg4 9. Qb3 Nc6 10. Nb5 Qd8 11. Be3 a6 12. d5 Na5 13. Qc3 axb5 14. b3 bxc4
15. bxc4 Qd6 16. h3 Bh5 17. g4 Bg6 18. Bg2 b5 19. c5 Qxd5 20. O-O Qc4 21. Qe5
Nd5 22. Rfc1 Rae8 23. Qh2 Qe2 24. Bf1 Qf3 25. Bg2 Qf6 26. Rab1 Nxe3 27. fxe3
Nc4 28. Qg3 Nd2 29. Rxb5 Nf3+ 30. Kh1 Qc6 31. a4 Ra8 32. Rb4 Rfd8 33. Rf1 Qxc5
34. h4 Qxb4 35. h5 Qd6 {Time forfeit} 0-1

[Event "Rated Blitz tournament XRHGsYFL"]
[Site "?"]
[Date "2021.07.26"]
[Round "?"]
[White "untukmu_css"]
[Black "om_gendut"]
[Result "0-1"]
[WhiteElo "2421"]
[BlackElo "2443"]
[PlyCount "132"]
[EventDate "2021.??.??"]
[EventType "blitz"]

1. e4 e5 2. Nf3 d5 3. d3 dxe4 4. dxe4 Qxd1+ 5. Kxd1 Bg4 6. Be2 Nc6 7. c3 Bc5 8.
Ke1 Nf6 9. Nfd2 Be6 10. f3 O-O-O 11. Nb3 Bb6 12. N1d2 h6 13. Nc4 Nd7 14. Nxb6+
axb6 15. Be3 f5 16. Bd3 fxe4 17. Bxe4 Nf6 18. Bxc6 bxc6 19. Rd1 Kb7 20. Rxd8
Rxd8 21. Nd2 Bxa2 22. b3 Nd5 23. Kf2 Nxc3 24. Ra1 Rd3 25. f4 Nd5 26. Rxa2 Rxe3
27. fxe5 Rxe5 28. Nc4 Rf5+ 29. Kg3 g5 30. h3 Rf4 31. Rd2 Rf6 32. Ne5 Re6 33.
Nf3 Re3 34. Rb2 b5 35. Kf2 Rc3 36. Nd4 Kb6 37. Ne2 Rc5 38. b4 Rc4 39. Ng3 Nf4
40. Kg1 Nd5 41. Nf5 Rxb4 42. Rd2 h5 43. Ng7 h4 44. Ne6 g4 45. hxg4 Rxg4 46. Kh2
Nf4 47. Nd4 Nd5 48. Nf3 b4 49. Kh3 Kb5 50. Kxg4 Ne3+ 51. Kxh4 Nc4 52. Rf2 c5
53. Nd2 Nd6 54. Rf5 Nxf5+ 55. Kg5 Nd4 56. g4 c4 57. Ne4 c3 58. Nf2 c2 59. Nd3
b3 60. Nc1 b2 61. Nd3 c1=Q+ 62. Nf4 Ne2 63. Kf5 Qxf4+ 64. Ke6 Qxg4+ 65. Ke7 Qc4
66. Kd8 Nc3 {Normal} 0-1

[Event "Rated Blitz game"]
[Site "?"]
[Date "2021.07.26"]
[Round "?"]
[White "Intergalactic"]
[Black "Schachelite"]
[Result "0-1"]
[WhiteElo "2410"]
[BlackElo "2493"]
[PlyCount "50"]
[EventDate "2021.??.??"]
[EventType "blitz"]

1. e4 e5 2. Nf3 d5 3. exd5 e4 4. Qe2 Nf6 5. d3 Qxd5 6. dxe4 Qxe4 7. Qxe4+ Nxe4
8. Bd3 Nc5 9. Be2 Bf5 10. Na3 Nc6 11. Be3 Nb4 12. Bxc5 Bxc5 13. c3 Nd3+ 14.
Bxd3 Bxd3 15. O-O-O O-O-O 16. Rd2 Bxa3 17. bxa3 f6 18. h4 Be4 19. Rh3 Rxd2 20.
Kxd2 Rd8+ 21. Kc1 Rd3 22. Kb2 Bxf3 23. gxf3 Rd2+ 24. Kb3 Rxf2 25. Rg3 g6 {
Normal} 0-1

[Event "Rated Blitz game"]
[Site "?"]
[Date "2021.07.26"]
[Round "?"]
[White "pasino"]
[Black "Abik02"]
[Result "0-1"]
[WhiteElo "2642"]
[BlackElo "2727"]
[PlyCount "146"]
[EventDate "2021.??.??"]
[EventType "blitz"]

1. e4 e5 2. Nf3 d5 3. d3 dxe4 4. dxe4 Qxd1+ 5. Kxd1 f6 6. c3 Nc6 7. Kc2 Bc5 8.
Be3 Bxe3 9. fxe3 Be6 10. Nbd2 Nh6 11. Bc4 Ke7 12. Bd5 Nd8 13. b4 c6 14. Bb3
Ndf7 15. Bxe6 Kxe6 16. Nc4 Rhd8 17. h3 Nd6 18. Nfd2 Nhf7 19. a4 Ng5 20. Nxd6
Rxd6 21. h4 Nf7 22. Nc4 Rd7 23. Rad1 Rxd1 24. Rxd1 Rg8 25. Na5 Nd6 26. Kd3 g5
27. Rh1 h5 28. hxg5 Rxg5 29. Nc4 Nf7 30. Na5 Nd8 31. Nb3 b6 32. a5 Nb7 33. a6
Nd6 34. Nd2 Nb5 35. Nc4 Nc7 36. Nd2 Kf7 37. Nf3 Rxg2 38. Rxh5 Rg7 39. Nh4 Ke6
40. Rh8 Rd7+ 41. Kc4 Nxa6 42. Nf5 b5+ 43. Kb3 c5 44. Re8+ Kf7 45. Rc8 cxb4 46.
cxb4 Rd3+ 47. Kb2 Nxb4 48. Rc7+ Kg6 49. Rxa7 Kh5 50. Rb7 Kg4 51. Rxb5 Na6 52.
Rb6 Nc5 53. Nh6+ Kf3 54. Rxf6+ Kxe4 55. Ng4 Rd2+ 56. Kc3 Rg2 57. Nxe5 Kxe5 58.
Rc6 Ne4+ 59. Kd3 Rd2+ 60. Kc4 Rd8 61. Rc7 Nd6+ 62. Kc3 Nf5 63. Kc2 Ke4 64. Kc1
Rd3 65. Kb2 Nxe3 66. Rc3 Nd1+ 67. Ka1 Nxc3 68. Kb2 Nd5 69. Kc2 Kd4 70. Kb2 Kc4
71. Ka1 Nb4 72. Kb2 Rd2+ 73. Ka3 Ra2# {Normal} 0-1

[Event "Rated Blitz game"]
[Site "?"]
[Date "2021.07.26"]
[Round "?"]
[White "ehud50"]
[Black "mirekkk14"]
[Result "1-0"]
[WhiteElo "2505"]
[BlackElo "2416"]
[PlyCount "55"]
[EventDate "2021.??.??"]
[EventType "blitz"]

1. e4 e5 2. Nf3 d5 3. Nxe5 Bd6 4. d4 dxe4 5. Nc4 Be7 6. Be2 Nf6 7. Ne3 O-O 8.
c4 Nc6 9. d5 Ne5 10. Nc3 c6 11. Qd4 Ng6 12. O-O Re8 13. b3 Nf4 14. Bb2 cxd5 15.
cxd5 Bd6 16. Rfe1 Be5 17. Qd2 Nxe2+ 18. Nxe2 Bxb2 19. Qxb2 Nxd5 20. Rad1 Be6
21. Nf4 Nxf4 22. Rxd8 Raxd8 23. Qa3 a6 24. h3 Rd2 25. Nc4 Bxc4 26. bxc4 Nd3 27.
Qc3 Rxf2 28. Qxd3 {Normal} 1-0

[Event "Rated Blitz tournament JyUWHoQg"]
[Site "?"]
[Date "2021.07.26"]
[Round "?"]
[White "snareset"]
[Black "om_gendut"]
[Result "0-1"]
[WhiteElo "2219"]
[BlackElo "2424"]
[PlyCount "84"]
[EventDate "2021.??.??"]
[EventType "blitz"]

1. e4 e5 2. Nf3 d5 3. Nxe5 Bd6 4. d4 dxe4 5. Nc3 Bxe5 6. dxe5 Qxd1+ 7. Nxd1 Nc6
8. Bf4 Nge7 9. Bb5 Bd7 10. Bxc6 Nxc6 11. Ne3 O-O-O 12. O-O-O Be6 13. Rhe1 h6
14. h4 a6 15. g4 Nd4 16. c3 Nf3 17. Rxd8+ Rxd8 18. Rh1 Bxa2 19. g5 hxg5 20.
Bxg5 Rd7 21. Nf5 g6 22. Ng3 Nxe5 23. Nxe4 Bd5 24. f3 Nxf3 25. Nf6 Nxg5 26. Nxd5
Rxd5 27. hxg5 Rxg5 28. Rh8+ Kd7 29. Rh7 Rf5 30. Kc2 b5 31. Kd3 Rf2 32. b4 Rf3+
33. Kd4 Kd6 34. Rg7 Rf4+ 35. Kd3 c5 36. bxc5+ Kxc5 37. Rg8 a5 38. Rc8+ Kb6 39.
Rb8+ Kc6 40. Rc8+ Kb7 41. Rc5 Rf5 42. Rxf5 gxf5 {Normal} 0-1

[Event "Rated Blitz game"]
[Site "?"]
[Date "2021.07.26"]
[Round "?"]
[White "DrHerbst"]
[Black "KinzyabulatovRenat"]
[Result "1-0"]
[WhiteElo "2483"]
[BlackElo "2411"]
[PlyCount "71"]
[EventDate "2021.??.??"]
[EventType "blitz"]

1. e4 e5 2. Nf3 d5 3. exd5 e4 4. Qe2 Nf6 5. Nc3 Be7 6. Ng5 O-O 7. Ngxe4 Re8 8.
d3 Nxd5 9. Be3 Bb4 10. g3 f5 11. Nd2 Nxc3 12. bxc3 Bxc3 13. Rb1 Nc6 14. Bg2 Nd4
15. Qd1 Qg5 16. O-O Rxe3 17. fxe3 Qxe3+ 18. Rf2 c6 19. Nf3 Nxf3+ 20. Qxf3 Bd4
21. c3 Qxf2+ 22. Qxf2 Bxf2+ 23. Kxf2 Kf7 24. d4 Ke7 25. Ke3 g5 26. c4 Kd6 27.
c5+ Kc7 28. d5 cxd5 29. Bxd5 Rb8 30. Kd4 Bd7 31. h4 h6 32. hxg5 hxg5 33. Rh1 f4
34. gxf4 gxf4 35. Rh7 Rd8 36. Ke4 {Time forfeit} 1-0

[Event "Rated Blitz tournament GdgEPcaC"]
[Site "?"]
[Date "2021.07.26"]
[Round "?"]
[White "billik6464"]
[Black "Fantastic_power06"]
[Result "0-1"]
[WhiteElo "2209"]
[BlackElo "2703"]
[PlyCount "102"]
[EventDate "2021.??.??"]
[EventType "blitz"]

1. e4 e5 2. Nf3 d5 3. exd5 e4 4. Ne5 Qxd5 5. d4 exd3 6. Nxd3 Nf6 7. Nc3 Qf5 8.
Be2 Bd6 9. Qd2 Nc6 10. Qg5 Be6 11. Be3 O-O-O 12. Qxf5 Bxf5 13. O-O-O Rhe8 14.
Rhe1 Ng4 15. Bxg4 Bxg4 16. f3 Bf5 17. g3 Re7 18. Bf4 Rxe1 19. Rxe1 Bxd3 20.
cxd3 Bxf4+ 21. gxf4 Rxd3 22. Rf1 Nd4 23. Rd1 Rxd1+ 24. Kxd1 Nxf3 25. h3 Kd7 26.
Ne4 f6 27. Nf2 Ke6 28. Ke2 Nd4+ 29. Kd3 Nc6 30. Ke4 f5+ 31. Kd3 Nb4+ 32. Kc4
Nxa2 33. Nd3 a5 34. Nc5+ Ke7 35. Nxb7 Nb4 36. Nxa5 Nc2 37. Nc6+ Kd6 38. Nd4
Nxd4 39. Kxd4 c5+ 40. Kc4 Kc6 41. h4 g6 42. b3 h6 43. Kd3 Kb5 44. Kc3 h5 45.
Kc2 Kb4 46. Kb2 c4 47. bxc4 Kxc4 48. Kc2 Kd4 49. Kd2 Ke4 50. Ke2 Kxf4 51. Kf2
Kg4 {Normal} 0-1

[Event "Rated Blitz game"]
[Site "?"]
[Date "2021.07.26"]
[Round "?"]
[White "Karin2007"]
[Black "KinzyabulatovRenat"]
[Result "0-1"]
[WhiteElo "2468"]
[BlackElo "2407"]
[PlyCount "54"]
[EventDate "2021.??.??"]
[EventType "blitz"]

1. e4 e5 2. Nf3 d5 3. d4 dxe4 4. Nxe5 Bd6 5. Nc4 Be7 6. Nc3 Nf6 7. Bg5 O-O 8.
Be2 Nc6 9. d5 Nxd5 10. Qxd5 Bxg5 11. Qxd8 Rxd8 12. Nxe4 Be7 13. O-O Nd4 14. Bd3
Be6 15. Ne3 f5 16. Nc3 f4 17. Ned1 c5 18. Re1 Kf7 19. f3 Bh4 20. Nf2 c4 21. Be4
Rac8 22. a4 b6 23. Red1 h6 24. Kf1 Be7 25. Rd2 Nf5 26. Rad1 Ne3+ 27. Kg1 Nxd1 {
Normal} 0-1

[Event "Rated Blitz tournament GdgEPcaC"]
[Site "?"]
[Date "2021.07.26"]
[Round "?"]
[White "Zapasnoy"]
[Black "vovaches"]
[Result "1-0"]
[WhiteElo "2379"]
[BlackElo "2573"]
[PlyCount "75"]
[EventDate "2021.??.??"]
[EventType "blitz"]

1. e4 e5 2. Nf3 d5 3. exd5 e4 4. Qe2 Nf6 5. Nc3 Be7 6. Nxe4 O-O 7. d3 Qxd5 8.
Bd2 Nc6 9. Nc3 Qa5 10. Qd1 Re8 11. Be2 Bg4 12. O-O Rad8 13. Ne4 Qd5 14. Nxf6+
Bxf6 15. h3 Bh5 16. Bc3 Bxc3 17. bxc3 Bg6 18. Re1 b6 19. Qd2 h6 20. Nh4 Bh7 21.
Bf3 Qd6 22. Bxc6 Qxc6 23. Nf3 a5 24. Rxe8+ Rxe8 25. Re1 Rd8 26. Nd4 Qd6 27. Qe3
Bg6 28. Nb5 Qc6 29. c4 Qd7 30. Qe7 c6 31. Qxd7 Rxd7 32. Nc3 Kf8 33. f3 Rb7 34.
Kf2 b5 35. cxb5 cxb5 36. Ne4 b4 37. Nd6 Rc7 38. Re8# {Normal} 1-0

[Event "Rated Blitz game"]
[Site "?"]
[Date "2021.07.26"]
[Round "?"]
[White "Inogamov_Nurbek"]
[Black "KamranShirazi"]
[Result "0-1"]
[WhiteElo "2475"]
[BlackElo "2507"]
[PlyCount "30"]
[EventDate "2021.??.??"]
[EventType "blitz"]

1. e4 e5 2. Nf3 d5 3. Nxe5 Bd6 4. f4 Bxe5 5. fxe5 Qh4+ 6. Ke2 Qxe4+ 7. Kf2 Qd4+
8. Kg3 Nh6 9. Bd3 g5 10. Rf1 Qh4+ 11. Kf3 Bg4+ 12. Ke3 d4+ 13. Kxd4 Bxd1+ 14.
Kc3 Nc6 15. b3 Qd4# {Normal} 0-1

[Event "Rated Blitz game"]
[Site "?"]
[Date "2021.07.26"]
[Round "?"]
[White "Swordoftheword16"]
[Black "KamranShirazi"]
[Result "1-0"]
[WhiteElo "2530"]
[BlackElo "2529"]
[PlyCount "47"]
[EventDate "2021.??.??"]
[EventType "blitz"]

1. e4 e5 2. Nf3 d5 3. exd5 e4 4. Qe2 Nf6 5. Nc3 Be7 6. Nxe4 Nxd5 7. d4 O-O 8.
c4 Bb4+ 9. Bd2 Nf4 10. Qe3 Bxd2+ 11. Kxd2 Ne6 12. Kc2 Nc6 13. Rd1 f5 14. Nc3 f4
15. Qd2 Nb4+ 16. Kc1 Ng5 17. a3 Nxf3 18. gxf3 a5 19. axb4 axb4 20. Nb1 c5 21.
dxc5 Qa5 22. Rg1 Bf5 23. Qd4 Bxb1 24. Qxg7# {Normal} 1-0

[Event "Rated Blitz game"]
[Site "?"]
[Date "2021.07.26"]
[Round "?"]
[White "Ancient3000"]
[Black "pasha1984"]
[Result "0-1"]
[WhiteElo "2346"]
[BlackElo "2400"]
[PlyCount "88"]
[EventDate "2021.??.??"]
[EventType "blitz"]

1. e4 e5 2. Nf3 d5 3. d4 dxe4 4. Nxe5 Bd6 5. Bf4 Nf6 6. Bc4 O-O 7. O-O Nbd7 8.
Nc3 Qe7 9. Re1 Nxe5 10. Bxe5 Bxe5 11. dxe5 Qxe5 12. Qe2 Bf5 13. Bd3 Rfe8 14. h3
h6 15. Qe3 Nd5 16. Nxd5 Qxd5 17. Be2 b6 18. c4 Qa5 19. Qf4 Qe5 20. Qxe5 Rxe5
21. Rad1 e3 22. Bf3 Rae8 23. fxe3 Rxe3 24. Rxe3 Rxe3 25. Kf2 Re8 26. a3 Kf8 27.
b4 Ke7 28. c5 Rd8 29. Re1+ Kf6 30. cxb6 cxb6 31. Rc1 Rd3 32. a4 Rd4 33. g4 Bd7
34. Rc7 Bxa4 35. Rxa7 Rxb4 36. Ra6 Ke5 37. Ra7 Rf4 38. Kg3 g5 39. Rxf7 Rxf7 40.
Bd5 Kxd5 41. h4 Ke4 42. hxg5 hxg5 43. Kg2 Bc6 44. Kg3 b5 {Time forfeit} 0-1

[Event "Rated Blitz game"]
[Site "?"]
[Date "2021.07.26"]
[Round "?"]
[White "Freiheit"]
[Black "jblick"]
[Result "0-1"]
[WhiteElo "2403"]
[BlackElo "2402"]
[PlyCount "78"]
[EventDate "2021.??.??"]
[EventType "blitz"]

1. e4 e5 2. Nf3 d5 3. exd5 Qxd5 4. Nc3 Qa5 5. Bb5+ Bd7 6. Bxd7+ Nxd7 7. O-O
O-O-O 8. Qe2 Bd6 9. d3 Ngf6 10. Ng5 Rhf8 11. Nge4 Qa6 12. a3 Nxe4 13. Nxe4 f5
14. Ng5 Be7 15. Qh5 h6 16. Nf3 Qf6 17. Bd2 g5 18. Bc3 g4 19. Nd2 Rg8 20. f3
Qb6+ 21. Kh1 Rg5 22. Qf7 Qd6 23. fxg4 Rf8 24. Qb3 Rxg4 25. Nf3 Rfg8 26. Rf2 Bf6
27. Raf1 e4 28. dxe4 fxe4 29. Ne1 Bxc3 30. Qxc3 Nb6 31. Qh3 Kb8 32. Qxg4 Rxg4
33. Rf8+ Nc8 34. c3 b6 35. Nc2 Rh4 36. h3 Kb7 37. Ne3 Qd2 38. R1f2 Qe1+ 39. Nf1
e3 {Normal} 0-1

[Event "Rated Blitz game"]
[Site "?"]
[Date "2021.07.26"]
[Round "?"]
[White "Maxomara"]
[Black "Schachelite"]
[Result "0-1"]
[WhiteElo "2388"]
[BlackElo "2517"]
[PlyCount "66"]
[EventDate "2021.??.??"]
[EventType "blitz"]

1. e4 e5 2. Nf3 d5 3. Nxe5 Bd6 4. d4 dxe4 5. Nc4 Nf6 6. Nxd6+ Qxd6 7. Be2 Nc6
8. c3 O-O 9. Nd2 b6 10. Nc4 Qe6 11. Bg5 h6 12. Bxf6 Qxf6 13. Ne3 Bb7 14. Qa4
Qg5 15. h4 Qf4 16. g3 Qd6 17. Nf5 Qf6 18. g4 e3 19. f3 Rfe8 20. O-O-O a6 21.
Ng3 b5 22. Qc2 Qf4 23. Rdg1 b4 24. g5 bxc3 25. bxc3 Re6 26. Nh5 Qf5 27. Bd3
Qxf3 28. Nxg7 Kxg7 29. gxh6+ Kh8 30. Be2 Qe4 31. Qb3 Nxd4 32. cxd4 Bd5 33. Qc2
Rc6 {Normal} 0-1

[Event "Rated Blitz game"]
[Site "?"]
[Date "2021.07.26"]
[Round "?"]
[White "vangulio"]
[Black "artsportscience"]
[Result "1-0"]
[WhiteElo "2529"]
[BlackElo "2411"]
[PlyCount "37"]
[EventDate "2021.??.??"]
[EventType "blitz"]

1. e4 e5 2. Nf3 d5 3. d3 dxe4 4. dxe4 Qxd1+ 5. Kxd1 Nc6 6. c3 Bg4 7. Be2 O-O-O+
8. Kc2 Bxf3 9. Bxf3 f6 10. b4 Nge7 11. Be3 b6 12. Nd2 Ng6 13. g3 Bd6 14. a4 a5
15. b5 Nce7 16. Nc4 Kb8 17. Rhd1 f5 18. Bxb6 f4 19. Bxa5 {Normal} 1-0

[Event "Rated Blitz game"]
[Site "?"]
[Date "2021.07.26"]
[Round "?"]
[White "Schomer"]
[Black "artsportscience"]
[Result "1-0"]
[WhiteElo "2409"]
[BlackElo "2400"]
[PlyCount "53"]
[EventDate "2021.??.??"]
[EventType "blitz"]

1. e4 e5 2. Nf3 d5 3. Nxe5 Bd6 4. Nf3 dxe4 5. Ng1 Nf6 6. d3 exd3 7. Bxd3 O-O 8.
Ne2 Nc6 9. Bg5 b6 10. Nbc3 Bb7 11. Qd2 Be7 12. O-O-O Ng4 13. Bxe7 Qxe7 14. Ng3
Rad8 15. Rhe1 Qh4 16. Nf5 Qxf2 17. Qg5 g6 18. Qxg4 Rxd3 19. cxd3 Qxf5 20. Qxf5
gxf5 21. d4 Rd8 22. d5 Nb4 23. Re5 f4 24. a3 Na6 25. b4 Nb8 26. Re7 Rd7 27.
Re8+ {Normal} 1-0

[Event "Rated Blitz game"]
[Site "?"]
[Date "2021.07.26"]
[Round "?"]
[White "benben75"]
[Black "blastol"]
[Result "0-1"]
[WhiteElo "2232"]
[BlackElo "2400"]
[PlyCount "88"]
[EventDate "2021.??.??"]
[EventType "blitz"]

1. e4 e5 2. Nf3 d5 3. Nxe5 Bd6 4. d4 dxe4 5. Qe2 Nf6 6. Bg5 O-O 7. Nc3 Re8 8.
O-O-O Bf5 9. h3 h6 10. Bh4 Qe7 11. g4 Bh7 12. Nc4 Bb4 13. Nd5 Qe6 14. Nxf6+
gxf6 15. d5 Qa6 16. Kb1 Nd7 17. Qe3 Kg7 18. d6 Bc5 19. Qc3 Re6 20. dxc7 Qc6 21.
g5 hxg5 22. Bxg5 Kf8 23. Bh6+ Ke7 24. Na5 Qxc7 25. Bc4 Rb6 26. f3 Bb4 27. Qd4
Bxa5 28. Qd5 Ne5 29. Bb3 Rd6 30. Qb5 a6 31. Qf1 Nxf3 32. Rxd6 Qxd6 33. Qc1 Bd2
34. Bxd2 Qxd2 35. Qf1 Qd4 36. Ka1 Rd8 37. a3 Nd2 38. Qe2 Nxb3+ 39. cxb3 Qd3 40.
Qh5 Bg6 41. Qc5+ Qd6 42. Qe3 f5 43. Re1 f4 44. Qxf4 Qxf4 {Time forfeit} 0-1

[Event "Rated Blitz game"]
[Site "?"]
[Date "2021.07.26"]
[Round "?"]
[White "islasfilipinas"]
[Black "blastol"]
[Result "1-0"]
[WhiteElo "2412"]
[BlackElo "2402"]
[PlyCount "77"]
[EventDate "2021.??.??"]
[EventType "blitz"]

1. e4 e5 2. Nf3 d5 3. exd5 Bd6 4. Nc3 Nf6 5. d4 e4 6. Ne5 O-O 7. Bc4 Re8 8. Bf4
Nbd7 9. O-O a6 10. a3 b5 11. Nc6 Bxf4 12. Nxd8 bxc4 13. Nc6 Nb6 14. Re1 Bg4 15.
Qb1 Nbxd5 16. Nxd5 Nxd5 17. Qa2 Nb6 18. Ne5 Be6 19. c3 Bd5 20. a4 a5 21. Qa3 h5
22. Qc5 f6 23. Qxc7 fxe5 24. Qxb6 exd4 25. Qxd4 Rad8 26. Rad1 Re5 27. Qb6 Rde8
28. g3 Bh6 29. Qg6 e3 30. Qxe8+ Rxe8 31. Rxd5 exf2+ 32. Kxf2 Rb8 33. Re2 Bc1
34. Rxa5 Bxb2 35. Rc5 Bxc3 36. Rxc4 Ba5 37. Re7 Rb2+ 38. Kf3 g5 39. Rc8+ {
Normal} 1-0

[Event "Rated Blitz game"]
[Site "?"]
[Date "2021.07.26"]
[Round "?"]
[White "Melor79"]
[Black "Fantastic_power06"]
[Result "0-1"]
[WhiteElo "2601"]
[BlackElo "2740"]
[PlyCount "72"]
[EventDate "2021.??.??"]
[EventType "blitz"]

1. e4 e5 2. Nf3 d5 3. d4 dxe4 4. Nxe5 Bd6 5. Nc4 Nc6 6. Nxd6+ Qxd6 7. c3 Bf5 8.
Be3 O-O-O 9. Nd2 Nf6 10. Be2 Nd5 11. Nc4 Qg6 12. g3 h5 13. h3 Kb8 14. a4 h4 15.
g4 Be6 16. Qc2 f5 17. gxf5 Qxf5 18. O-O-O Nxe3 19. fxe3 Rhf8 20. Nd2 Qf2 21.
Rde1 Bf5 22. Bg4 Bxg4 23. hxg4 Rde8 24. Rhf1 Qg3 25. Rg1 Qh2 26. Rh1 Qd6 27.
Nxe4 Qg6 28. Nc5 Qxg4 29. Reg1 Qf3 30. Nd7+ Ka8 31. Nxf8 Rxf8 32. Qd2 Na5 33.
Kc2 Nc4 34. Rf1 Nxd2 35. Rxf3 Nxf3 36. Kd3 g5 {Normal} 0-1

[Event "Rated Blitz game"]
[Site "?"]
[Date "2021.07.26"]
[Round "?"]
[White "Kabila"]
[Black "Porgy"]
[Result "0-1"]
[WhiteElo "2400"]
[BlackElo "2387"]
[PlyCount "36"]
[EventDate "2021.??.??"]
[EventType "blitz"]

1. e4 e5 2. Nf3 d5 3. exd5 e4 4. Ne5 Bd6 5. Nc4 Bc5 6. d4 exd3 7. Qxd3 Nf6 8.
Nc3 O-O 9. Bg5 Bxf2+ 10. Kd2 b5 11. Nxb5 Ne4+ 12. Qxe4 Qxg5+ 13. Ke2 Bf5 14.
Qe5 Nc6 15. Qxc7 Bc5 16. dxc6 Rfe8+ 17. Ne5 Bg4+ 18. Kd3 Qe3+ {Time forfeit}
0-1

[Event "Rated Blitz tournament NbKvd56y"]
[Site "?"]
[Date "2021.07.26"]
[Round "?"]
[White "Samudra_CCS"]
[Black "om_gendut"]
[Result "1-0"]
[WhiteElo "2401"]
[BlackElo "2439"]
[PlyCount "157"]
[EventDate "2021.??.??"]
[EventType "blitz"]

1. e4 e5 2. Nf3 d5 3. d4 dxe4 4. Nxe5 Bd6 5. Nd2 Nf6 6. Ndc4 O-O 7. Be2 h6 8.
O-O Bf5 9. f3 Nbd7 10. fxe4 Bxe4 11. Nxd7 Qxd7 12. Nxd6 Qxd6 13. Bf4 Qc6 14. c4
Rad8 15. d5 Qb6+ 16. Kh1 Qxb2 17. Bxc7 Rde8 18. Bf3 Ng4 19. Bxe4 Rxe4 20. Qf3
f5 21. Rae1 Rxe1 22. Rxe1 Qxa2 23. Qe2 Qa4 24. h3 Nf6 25. Qe6+ Rf7 26. d6 Qd7
27. Qxd7 Rxd7 28. c5 Kf7 29. Rb1 Ne4 30. Rxb7 Nxc5 31. Rxa7 Ne4 32. Ra6 Ke6 33.
Kg1 Nxd6 34. Bb8 Kd5 35. Ra5+ Ke6 36. Ra6 Kd5 37. Bxd6 Rxd6 38. Ra7 Rg6 39. Re7
Kd6 40. Re1 Re6 41. Rd1+ Ke5 42. Kf2 Kf6 43. Kf3 g5 44. Rd8 Kg6 45. Rf8 Rf6 46.
Rg8+ Kh7 47. Ra8 Kg7 48. Ra7+ Rf7 49. Ra8 Kg6 50. Ra5 Kg7 51. g3 Rf6 52. Ke3
Kg6 53. Kf3 f4 54. gxf4 Rxf4+ 55. Kg3 Rf5 56. Ra6+ Rf6 57. Ra8 h5 58. Rg8+ Kh6
59. Rh8+ Kg6 60. Rg8+ Kf5 61. Rh8 h4+ 62. Kf3 Kg6+ 63. Kg2 Rf4 64. Rg8+ Kf5 65.
Rf8+ Kg6 66. Rg8+ Kf5 67. Ra8 Kg6 68. Ra5 Rf6 69. Ra4 Rf5 70. Rg4 Rf6 71. Rxh4
Rf5 72. Rg4 Kf6 73. Ra4 Rf4 74. Ra6+ Ke5 75. Ra5+ Kf6 76. Kg3 Rf5 77. Ra6+ Ke5
78. Kg4 Ke4 79. Re6+ {Time forfeit} 1-0

[Event "Rated Blitz game"]
[Site "?"]
[Date "2021.07.26"]
[Round "?"]
[White "Powerqueretaro"]
[Black "Porgy"]
[Result "0-1"]
[WhiteElo "2407"]
[BlackElo "2421"]
[PlyCount "48"]
[EventDate "2021.??.??"]
[EventType "blitz"]

1. e4 e5 2. Nf3 d5 3. exd5 Bd6 4. d4 e4 5. Ne5 Nf6 6. Bg5 O-O 7. Be2 c6 8. dxc6
Nxc6 9. Nxc6 bxc6 10. Nc3 Rb8 11. Qc1 h6 12. Be3 Qc7 13. g3 Bh3 14. Bxh6 Qa5
15. Qg5 Qxg5 16. Bxg5 Rxb2 17. Bxf6 Rxc2 18. Nxe4 Bb4+ 19. Kd1 Rb2 20. Bf3 gxf6
21. Nxf6+ Kg7 22. Ne4 Rd8 23. Kc1 Ba3 24. Kd1 Rxd4+ {Normal} 0-1